=LDR 00000nam 2200000 4500 =001 INLIS000000000014232 =005 20130612105518 =008 ***********************************Ind** =035 ##$$0010-061300000014232 =041 ##$$a Ind =082 ##$$a R. 368.003 =090 ##$$a R. 368.003, Ali k =100 ##$$a Ali, A. Haryani =245 ##$$a Kamus asuransi, Drs. A. Haryani Ali, Drs Agustinus Subekti, Drs. Wardana =260 ##$$a 1996 $b Jakarta =300 ##$$a V11, 356 hlm, 24 cm =650 ##$$a Asuransi =650 ##$$a Kamus =700 ##$$a Subekti, Agustinus =850 ##$$a NBPNMAT